Clubs de la Ligue 1, Ligue 2 et National 1 (2018-2019) - Statistiques

Statistiques générales
  • Ce quiz a été pris 271 fois
  • Le résultat moyen est 43 sur 58
Statistiques - réponses
Div. Club % Correct
L1 Olympique Lyonnais
100%
L1 Paris Saint Germain FC
100%
L1 Olympique de Marseille
99%
L1 Lille OSC
97%
L1 FCG Bordeaux
96%
L1 RC Strasbourg Alsace
96%
L1 AS Monaco FC
95%
L1 AS Saint-Etienne
95%
L1 FC Nantes
95%
L1 OGC Nice
95%
L1 Stade Rennais
95%
L1 Toulouse FC
95%
L1 Montpellier HSC
93%
L2 RC Lens
93%
L1 Amiens SC
92%
L1 Stade de Reims
92%
L2 AC Ajaccio
90%
L2 Paris FC
90%
L1 SM Caen
90%
L2 Stade Brestois 29
90%
L2 FC Metz
89%
L2 Gazélec Ajaccio
89%
L1 Angers SCO
88%
L1 EA Guingamp
88%
L1 Nîmes Olympique
88%
L2 FC Lorient
87%
N1 Lyon-Duchère AS
87%
L1 Dijon FCO
86%
L2 AS Nancy Lorraine
85%
L2 AJ Auxerre
82%
L2 Grenoble Foot 38
81%
L2 Le Havre AC
79%
N1 SO Choletais
77%
L2 Clermont Foot 63
76%
L2 ES Troyes AC
76%
L2 FC Sochaux-Montbéliard
75%
N1 Quevilly-Rouen Métropole
75%
L2 Valenciennes FC
74%
L2 US Orléans LF
73%
L2 Red Star FC
72%
N1 Le Mans FC
71%
N1 Tours FC
67%
N1 Stade Lavallois MFC
65%
L2 Chamois Niortais FC
64%
L2 LB Châteauroux
64%
N1 Pau FC
61%
N1 US Boulogne CO
57%
N1 USL Dunkerque
57%
L2 AS Beziers
52%
N1 Rodez AF
46%
N1 FC Bourg-Péronnas
45%
N1 US Avranches MSM
35%
N1 FC Chambly
34%
N1 US Concarneau
34%
N1 FC Villefranche
21%
N1 Entente SSG
18%
N1 JA Drancy
15%
N1 Marignane Gignac FC
13%
Aucun quiz correspondant
Distribution des résultats
% des personnes avec chaque résultat
Percentile par nombre de réponses
Votre historique - résultats
Vous n’avez pas pris ce quiz